Five cries of parents. (Record no. 14703)

000 -LEADER
fixed length control field 00796nam a2200253 a 4500
001 - CONTROL NUMBER
control field :::00012536$&:&@@
003 - CONTROL NUMBER IDENTIFIER
control field OkBaRHE
005 - DATE AND TIME OF LATEST TRANSACTION
control field 20100402121856.0
008 - FIXED-LENGTH DATA ELEMENTS--GENERAL INFORMATION
fixed length control field s1985 j 000 0 eng u
040 ## - CATALOGING SOURCE
Transcribing agency
100 1# - MAIN ENTRY--PERSONAL NAME
Personal name Strommen, Merton P. and Strommen, A. Irene.
245 10 - TITLE STATEMENT
Title Five cries of parents.
250 ## - EDITION STATEMENT
Edition statement 1st ed.
260 ## - PUBLICATION, DISTRIBUTION, ETC. (IMPRINT)
Place of publication, distribution, etc San Francisco, CA., :
Name of publisher, distributor, etc Harper & Row
Date of publication, distribution, etc 1985
300 ## - PHYSICAL DESCRIPTION
Extent 212 p. : illus. ;
Dimensions 22 cm.
650 ## - SUBJECT ADDED ENTRY--TOPICAL TERM
Topical term or geographic name as entry element Family
General subdivision Religious Life
650 ## - SUBJECT ADDED ENTRY--TOPICAL TERM
Topical term or geographic name as entry element Parent and Child
650 ## - SUBJECT ADDED ENTRY--TOPICAL TERM
Topical term or geographic name as entry element Parenting
650 ## - SUBJECT ADDED ENTRY--TOPICAL TERM
Topical term or geographic name as entry element Youth
General subdivision Conduct of Life
650 ## - SUBJECT ADDED ENTRY--TOPICAL TERM
Topical term or geographic name as entry element Youth
General subdivision Religious Life
700 ## - ADDED ENTRY--PERSONAL NAME
Personal name Strommen, A. Irene, Joint author.
942 ## - ADDED ENTRY ELEMENTS (KOHA)
Source of classification or shelving scheme
Koha item type Books
Copies
Date last seen Date acquired Shelving location Withdrawn status Full call number Source of classification or shelving scheme Koha item type Permanent Location Price effective from Lost status Damaged status Copy number Not for loan Barcode
2010-04-142010-04-14General Stacks HQ 755.8 .S77 1985 BooksRHEMA Bible Training College2010-04-14  1 12536